| 000 | 00687nas a2200229 i 4500 | ||
|---|---|---|---|
| 001 | 2472 | ||
| 003 | ES-MaACL | ||
| 005 | 20250828062531.0 | ||
| 007 | t| | ||
| 008 | 950801d19121914fr | | 1 ||re d | ||
| 245 | 0 | 2 |
_aL'année pédagogique / _cpubliée par L. Cellérier et L. Dugas. |
| 260 |
_aParis ; _aGenève : _bFélix Alcan : _bAlbert Kündig, _c1912-1914 ( _eCoulommiers : _fPaul Brodard) |
||
| 300 |
_a3 v. ; _c23 cm. |
||
| 310 | _aAnual | ||
| 362 | 0 | _aA. 1 (1911)-a. 3 (1913) | |
| 650 | 7 |
_aEducación _2embne _912073 |
|
| 700 | 1 |
_aDugas, L. _9182644 |
|
| 700 | 1 |
_aCellérier, Lucien. _937366 |
|
| 852 |
_aES-MaACL _jB-13629-31 |
||
| 866 | 0 | _o1912-13 | |
| 999 |
_c2472 _d2472 |
||